[Event "Bucharest Grand Prix"]
[Site "Bucharest"]
[Date "2023.04.29"]
[Round "3"]
[White "Manolache, Marius"]
[Black "Sustov, Savva"]
[Result "1-0"]
[WhiteElo "2454"]
[BlackElo "2031"]
[PlyCount "97"]
[EventDate "2023.04.29"]
[EventType "swiss (rapid)"]
[EventRounds "10"]
[EventCountry "ROU"]
[SourceTitle "CBM 213 Extra"]
[Source "ChessBase"]
[SourceDate "2023.05.31"]
[SourceVersion "1"]
[SourceVersionDate "2023.05.31"]
[SourceQuality "1"]

1. d4 Nf6 2. Nf3 e6 3. Bg5 d5 4. e3 b6 5. c4 Bb7 6. Nc3 Be7 7. cxd5 exd5 8. Bd3 0-0 9. 0-0 h6 10. Bf4 Nbd7 11. Nb5 c6 12. Nd6 Bxd6 13. Bxd6 Re8 14. Rc1 Ne4 15. Ba3 Rc8 16. b3 Ndf6 17. h3 c5 18. Ne5 cxd4 19. exd4 Nd7 20. Rxc8 Qxc8 21. Bb5 Nef6 22. Re1 a6 23. Nxd7 Rxe1+ 24. Qxe1 Nxd7 25. Bd3 Nf6 26. Be7 Qe6 27. Qxe6 fxe6 28. a4 Kf7 29. Bd8 Nd7 30. f4 Ke8 31. Bc7 Kf7 32. Kf2 g6 33. g4 Bc8 34. Ke3 Kf6 35. h4 Kf7 36. Kf3 Kg7 37. f5 gxf5 38. gxf5 exf5 39. Bxf5 Kf6 40. Kf4 b5 41. a5 Kf7 42. h5 Ke7 43. Bg4 Bb7 44. Be5 Nxe5 45. Kxe5 Bc6 46. b4 Kd8 47. Kd6 Bb7 48. Bd7 Ba8 49. Bc6 1-0

[Event "Braila GP RO Stage 5"]
[Site "Braila"]
[Date "2022.11.06"]
[Round "9"]
[White "Sustov, Savva"]
[Black "Makropoulou, Marina"]
[Result "0-1"]
[WhiteElo "1982"]
[BlackElo "2153"]
[PlyCount "79"]
[EventDate "2022.11.05"]
[EventType "swiss (rapid)"]
[EventRounds "10"]
[EventCountry "ROU"]
[SourceTitle "EXT 2024"]
[Source "ChessBase"]
[SourceDate "2023.10.10"]
[SourceVersion "1"]
[SourceVersionDate "2023.10.10"]
[SourceQuality "1"]

1. e4 c5 2. Nf3 e6 3. d4 cxd4 4. Nxd4 Nc6 5. Nc3 Qc7 6. Be2 a6 7. 0-0 Nf6 8. Be3 Bb4 9. Nxc6 bxc6 10. Bd3 e5 11. f4 d6 12. fxe5 dxe5 13. h3 Be6 14. Ne2 Nh5 15. Nc3 Nf4 16. Bxf4 exf4 17. Qf3 Bd6 18. Ne2 g5 19. Qh5 h6 20. Kh1 Be5 21. c3 c5 22. Ng1 c4 23. Bc2 0-0-0 24. Nf3 f6 25. Nxe5 fxe5 26. Rad1 Qf7 27. Qxf7 Bxf7 28. Rxd8+ Kxd8 29. Rd1+ Ke7 30. Ba4 Be6 31. Kg1 h5 32. b3 g4 33. bxc4 gxh3 34. gxh3 Rg8+ 35. Kf2 Rg3 36. Rg1 Rxc3 37. Bb3 Rxh3 38. Rg7+ Kf6 39. Rg1 Re3 40. Rc1 0-1

[Event "Francophonie-chT Rapid"]
[Site "Tornelo INT"]
[Date "2022.06.05"]
[Round "11.4"]
[White "Boydia, Sidi"]
[Black "Sustov, Savva"]
[Result "1-0"]
[WhiteElo "1997"]
[BlackElo "1912"]
[PlyCount "69"]
[EventDate "2022.06.04"]
[EventType "team-swiss (rapid)"]
[EventRounds "11"]
[EventCountry "FRA"]
[SourceTitle "CBM 208 Extra"]
[Source "ChessBase"]
[SourceDate "2022.07.31"]
[SourceVersion "1"]
[SourceVersionDate "2022.07.31"]
[SourceQuality "1"]
[WhiteTeam "Mauritania"]
[BlackTeam "Moldova"]
[WhiteTeamCountry "MAU"]
[BlackTeamCountry "MDA"]

1. e4 c5 2. Nc3 Nc6 3. g3 g6 4. Bg2 Bg7 5. d3 e6 6. Be3 d6 7. Qd2 Nge7 8. Nge2 0-0 9. Bh6 Nd4 10. Bxg7 Kxg7 11. 0-0 Nec6 12. Nd1 e5 13. Nc1 f5 14. f4 fxe4 15. dxe4 Be6 16. Ne3 Qd7 17. c3 Nb5 18. Qd3 exf4 19. gxf4 Nc7 20. f5 Bf7 21. Ng4 Kh8 22. Qd2 Bc4 23. Rf4 gxf5 24. exf5 Bg8 25. f6 Ne8 26. Nd3 h5 27. Nde5 Nxe5 28. Nxe5 dxe5 29. Qxd7 exf4 30. Qf5 Nxf6 31. Qxf4 Ng4 32. Qg5 Bf7 33. h3 Rg8 34. Qf4 Nf6 35. Qxf6+ 1-0

[Event "Francophonie-chT Rapid"]
[Site "Tornelo INT"]
[Date "2022.06.04"]
[Round "2.1"]
[White "Rodrigue Lemieux, Shawn"]
[Black "Sustov, Savva"]
[Result "1-0"]
[WhiteElo "2366"]
[BlackElo "1912"]
[PlyCount "93"]
[EventDate "2022.06.04"]
[EventType "team-swiss (rapid)"]
[EventRounds "11"]
[EventCountry "FRA"]
[SourceTitle "CBM 208 Extra"]
[Source "ChessBase"]
[SourceDate "2022.07.31"]
[SourceVersion "1"]
[SourceVersionDate "2022.07.31"]
[SourceQuality "1"]
[WhiteTeam "Quebec"]
[BlackTeam "Moldova"]
[WhiteTeamCountry "CAN"]
[BlackTeamCountry "MDA"]

1. c4 c5 2. g3 Nc6 3. Bg2 g6 4. Nc3 Bg7 5. Nf3 e6 6. 0-0 Nge7 7. d4 cxd4 8. Nb5 d5 9. cxd5 exd5 10. Nbxd4 0-0 11. Be3 Re8 12. Rc1 Nf5 13. Nxf5 Bxf5 14. Qd2 d4 15. Bg5 f6 16. Bh6 Bxh6 17. Qxh6 Rxe2 18. Nh4 Qd7 19. Nxf5 Qxf5 20. Bxc6 bxc6 21. Rxc6 Qg5 22. Qh3 Qe5 23. Qd7 Re8 24. Rc7 Re7 25. Qd8+ Re8 26. Qd7 Re7 27. Qc8+ Kg7 28. Rd7 Re1 29. Qb7 Rxf1+ 30. Kxf1 Kf7 31. Rxe7+ Qxe7 32. Qxe7+ Kxe7 33. Ke2 Kd6 34. Kd3 Kc5 35. a3 a5 36. b3 f5 37. f4 h6 38. h4 h5 39. b4+ axb4 40. axb4+ Kxb4 41. Kxd4 Kb3 42. Ke5 Kc3 43. Kf6 Kd3 44. Kxg6 Ke3 45. Kxf5 Kf3 46. Kg5 Kxg3 47. f5 1-0

[Event "MDA-ch"]
[Site "Kishinev"]
[Date "2022.02.25"]
[Round "7"]
[White "Triboi, Alexander"]
[Black "Sustov, Savva"]
[Result "1-0"]
[WhiteElo "2016"]
[BlackElo "1870"]
[PlyCount "109"]
[EventDate "2022.02.19"]
[EventType "swiss"]
[EventRounds "9"]
[EventCountry "MDA"]
[SourceTitle "CBM 207 Extra"]
[Source "ChessBase"]
[SourceDate "2022.05.31"]
[SourceVersion "1"]
[SourceVersionDate "2022.05.31"]
[SourceQuality "1"]

1. d4 Nf6 2. c4 e6 3. g3 d5 4. Nf3 c5 5. Bg2 Nc6 6. cxd5 exd5 7. 0-0 Be6 8. Nc3 cxd4 9. Nxd4 Bc5 10. Be3 Bxd4 11. Bxd4 Nxd4 12. Qxd4 0-0 13. Rfd1 Re8 14. e3 Qa5 15. b4 Qc7 16. Nxd5 Bxd5 17. Bxd5 Rad8 18. Rac1 Qe7 19. Qc4 Nxd5 20. Rxd5 Rxd5 21. Qxd5 g6 22. Qc5 Qxc5 23. Rxc5 Rd8 24. Rc7 Rd2 25. a4 Ra2 26. a5 b6 27. Rxa7 bxa5 28. bxa5 Kg7 29. Kg2 Kf6 30. a6 h5 31. h4 Ke6 32. Ra8 Kf6 33. Kf3 Ra3 34. Kf4 Ra2 35. f3 Ra3 36. e4 Ra1 37. a7 Ra2 38. e5+ Kg7 39. g4 Ra4+ 40. Kg5 Ra5 41. gxh5 Rxe5+ 42. Kf4 Ra5 43. hxg6 fxg6 44. Kg4 Ra4+ 45. f4 Ra5 46. h5 gxh5+ 47. Kh4 Ra4 48. Kxh5 Ra5+ 49. Kg4 Ra4 50. Kg5 Ra1 51. f5 Ra5 52. Kf4 Ra4+ 53. Ke3 Ra3+ 54. Kd4 Ra4+ 55. Kc3 1-0

[Event "Moscow Botvinnik Cup"]
[Site "Moscow"]
[Date "2021.08.24"]
[Round "9"]
[White "Sustov, Savva"]
[Black "Zhakshylykov, Erzhan"]
[Result "1/2-1/2"]
[WhiteElo "1900"]
[BlackElo "2192"]
[PlyCount "43"]
[EventDate "2021.08.19"]
[EventType "tourn"]
[EventRounds "9"]
[EventCountry "RUS"]
[SourceTitle "CBM 204 Extra"]
[Source "ChessBase"]
[SourceDate "2021.11.30"]
[SourceVersion "1"]
[SourceVersionDate "2021.11.30"]
[SourceQuality "1"]

1. e4 e5 2. Nf3 Nc6 3. Bb5 a6 4. Ba4 Nf6 5. 0-0 b5 6. Bb3 Be7 7. Re1 0-0 8. a4 b4 9. a5 d6 10. c3 Rb8 11. Bc4 Bb7 12. Qe2 Qd7 13. d4 bxc3 14. bxc3 exd4 15. cxd4 d5 16. exd5 Nxd5 17. Bxa6 Bxa6 18. Qxa6 Bf6 19. Be3 Ra8 20. Qd3 Rxa5 21. Rxa5 Nxa5 22. Nc3 1/2-1/2

[Event "Moscow Botvinnik Cup"]
[Site "Moscow"]
[Date "2021.08.23"]
[Round "8"]
[White "Azadaliyev, Jahandar"]
[Black "Sustov, Savva"]
[Result "1-0"]
[WhiteElo "1888"]
[BlackElo "1900"]
[PlyCount "69"]
[EventDate "2021.08.19"]
[EventType "tourn"]
[EventRounds "9"]
[EventCountry "RUS"]
[SourceTitle "CBM 204 Extra"]
[Source "ChessBase"]
[SourceDate "2021.11.30"]
[SourceVersion "1"]
[SourceVersionDate "2021.11.30"]
[SourceQuality "1"]

1. d4 Nf6 2. c4 e6 3. Nc3 Bb4 4. e3 c5 5. a3 Bxc3+ 6. bxc3 Nc6 7. Bd3 d6 8. Qc2 0-0 9. Ne2 e5 10. Bb2 b6 11. 0-0 Re8 12. e4 Na5 13. f4 Ba6 14. fxe5 dxe5 15. d5 Bxc4 16. Rf5 Ng4 17. Rf3 Qc7 18. Bxc4 Nxc4 19. Bc1 Nd6 20. Ng3 c4 21. Qe2 Kh8 22. Bg5 f6 23. Bd2 Nf7 24. Nh5 Qd6 25. Raf1 Ngh6 26. Nxf6 gxf6 27. Rxf6 Qc5+ 28. Kh1 Qxa3 29. Qh5 Rg8 30. Rxh6 Rg7 31. Rhf6 Rf8 32. Bh6 Nxh6 33. Rxf8+ Ng8 34. Qxe5 Qb2 35. Rxg8+ 1-0

[Event "Veliko Gradiste Silver Lake op-A"]
[Site "Veliko Gradiste"]
[Date "2021.06.26"]
[Round "5"]
[White "Sustov, Savva"]
[Black "Tancsa, Tamas"]
[Result "1/2-1/2"]
[WhiteElo "1710"]
[BlackElo "2087"]
[PlyCount "86"]
[EventDate "2021.06.23"]
[EventType "swiss"]
[EventRounds "9"]
[EventCountry "SRB"]
[SourceTitle "CBM 203 Extra"]
[Source "ChessBase"]
[SourceDate "2021.09.30"]
[SourceVersion "1"]
[SourceVersionDate "2021.09.30"]
[SourceQuality "1"]

1. e4 e5 2. Nf3 Nc6 3. Bb5 a6 4. Ba4 d6 5. 0-0 Bg4 6. h3 h5 7. c3 Qf6 8. d3 Nge7 9. Be3 Bd7 10. d4 0-0-0 11. d5 Nb8 12. Bxd7+ Nxd7 13. Nbd2 Rg8 14. h4 Qg6 15. Re1 f5 16. Bg5 Nf6 17. exf5 Nxf5 18. c4 Be7 19. g3 Rdf8 20. b4 e4 21. Nxe4 Nxe4 22. Rxe4 Nxh4 23. Rxh4 Bxg5 24. Nxg5 Qxg5 25. Rxh5 Qf6 26. Qg4+ Kb8 27. Rf1 Qc3 28. b5 axb5 29. cxb5 Qb2 30. a4 g6 31. Rh7 Rf5 32. Qe4 Rc8 33. Rh4 Rcf8 34. Qd4 Qb3 35. Rh8 Rxh8 36. Qxh8+ Ka7 37. Qd4+ Kb8 38. Qh8+ Ka7 39. Qd4+ Kb8 40. Re1 b6 41. Rd1 Kb7 42. Rd3 Qb1+ 43. Rd1 Qb3 1/2-1/2

[Event "EU-ch Online U2300 Qual"]
[Site "Chess.com INT"]
[Date "2020.05.25"]
[Round "4"]
[White "Theuretzbacher, Klaus"]
[Black "Sustov, Savva"]
[Result "1-0"]
[WhiteElo "2177"]
[BlackElo "1710"]
[PlyCount "143"]
[EventDate "2020.05.25"]
[EventType "swiss"]
[EventRounds "8"]
[EventCountry "NET"]
[SourceTitle "EXT 2021"]
[Source "ChessBase"]
[SourceDate "2020.10.23"]
[SourceVersion "1"]
[SourceVersionDate "2020.10.23"]
[SourceQuality "1"]

1. Nf3 c5 2. c4 Nc6 3. Nc3 g6 4. g3 Bg7 5. Bg2 e6 6. 0-0 Nge7 7. d3 0-0 8. Bd2 d5 9. cxd5 exd5 10. Rc1 d4 11. Na4 b6 12. a3 Bb7 13. Qb3 Ne5 14. Nxe5 Bxg2 15. Kxg2 Bxe5 16. e4 dxe3 17. fxe3 Qd5+ 18. Qxd5 Nxd5 19. Nc3 Nxc3 20. bxc3 Rad8 21. d4 Bg7 22. a4 Rfe8 23. Rb1 cxd4 24. cxd4 Rc8 25. Rfc1 Rxc1 26. Bxc1 Rc8 27. Kf3 Rc2 28. h4 Bf8 29. Ra1 Bd6 30. Ba3 Bxa3 31. Rxa3 Kf8 32. e4 Ke7 33. a5 bxa5 34. Rxa5 Rc7 35. Kf4 Rd7 36. d5 Kd6 37. e5+ Ke7 38. g4 f6 39. exf6+ Kxf6 40. Ra6+ Ke7 41. Ke5 Rb7 42. h5 gxh5 43. gxh5 Rd7 44. Rh6 Kd8 45. d6 a5 46. Ke6 a4 47. Rf6 Ke8 48. Rf1 Ra7 49. Rb1 Ra8 50. Rg1 Kf8 51. d7 a3 52. Rf1+ Kg8 53. Ke7 a2 54. d8Q+ Rxd8 55. Kxd8 Kg7 56. Ke7 Kh6 57. Kf6 Kxh5 58. Ra1 Kg4 59. Rxa2 h5 60. Ra7 h4 61. Ra4+ Kg3 62. Kg5 h3 63. Ra3+ Kg2 64. Kg4 h2 65. Ra2+ Kg1 66. Kg3 h1N+ 67. Kf3 Nf2 68. Rxf2 Kh1 69. Ra2 Kg1 70. Rb2 Kh1 71. Kg3 Kg1 72. Rb1# 1-0

[Event "EU-ch U10 27th"]
[Site "Mamaia"]
[Date "2017.09.11"]
[Round "6"]
[White "Sustov, Savva"]
[Black "Orujov, Farid"]
[Result "1-0"]
[WhiteElo "1425"]
[BlackElo "1531"]
[PlyCount "81"]
[EventDate "2017.09.05"]
[EventType "swiss"]
[EventRounds "9"]
[EventCountry "ROU"]
[SourceTitle "CBM 180 Extra"]
[Source "ChessBase"]
[SourceDate "2017.10.06"]
[SourceVersion "1"]
[SourceVersionDate "2017.10.06"]
[SourceQuality "1"]

1. e4 c5 2. Nf3 Nc6 3. d4 cxd4 4. Nxd4 d6 5. Nc3 g6 6. Be3 Bg7 7. Bc4 Nf6 8. f3 0-0 9. Bb3 Bd7 10. Qd2 Rc8 11. 0-0-0 Ne5 12. Kb1 Nc4 13. Bxc4 Rxc4 14. g4 Qa5 15. Nb3 Qd8 16. h4 b5 17. h5 b4 18. Nd5 Nxd5 19. exd5 Bf6 20. Qh2 g5 21. Nd2 Rc8 22. Ne4 Be5 23. Qg2 h6 24. Rdf1 Bb5 25. Rf2 Qa5 26. b3 f6 27. f4 Bc3 28. fxg5 fxg5 29. Rxf8+ Rxf8 30. Nxc3 bxc3 31. Qe4 Rf7 32. Qg6+ Rg7 33. Qxh6 Qa3 34. Bc1 Qc5 35. Qe6+ Kh8 36. h6 Rg8 37. Qxe7 Qxd5 38. Qf6+ Kh7 39. Re1 Rg6 40. Re7+ Kxh6 41. Qh8# 1-0

[Event "EU-ch U10 27th"]
[Site "Mamaia"]
[Date "2017.09.05"]
[Round "1"]
[White "Costa, Leonardo"]
[Black "Sustov, Savva"]
[Result "1/2-1/2"]
[WhiteElo "1889"]
[BlackElo "1425"]
[PlyCount "75"]
[EventDate "2017.09.05"]
[EventType "swiss"]
[EventRounds "9"]
[EventCountry "ROU"]
[SourceTitle "CBM 180 Extra"]
[Source "ChessBase"]
[SourceDate "2017.10.06"]
[SourceVersion "1"]
[SourceVersionDate "2017.10.06"]
[SourceQuality "1"]

1. e4 c5 2. Nf3 Nc6 3. d4 cxd4 4. Nxd4 g6 5. Nc3 Bg7 6. Be3 Nf6 7. f3 0-0 8. Qd2 d5 9. Nxc6 bxc6 10. 0-0-0 Be6 11. Be2 dxe4 12. Qxd8 Rfxd8 13. fxe4 Ng4 14. Rxd8+ Rxd8 15. Bxa7 Bxc3 16. bxc3 Ra8 17. Bc5 Rxa2 18. Kb1 Ra8 19. h3 Nf6 20. Bf3 Rb8+ 21. Kc1 Kf8 22. Rd1 Nd7 23. Bf2 Ke8 24. Kd2 Ne5 25. Be2 Rd8+ 26. Ke1 Rxd1+ 27. Kxd1 f5 28. Bd4 Nd7 29. Bf3 fxe4 30. Bxe4 Bd5 31. Bxd5 cxd5 32. Ke2 e5 33. Bf2 Nf6 34. Kd3 Ke7 35. c4 Kd6 36. cxd5 Kxd5 37. Be1 Ke6 38. Ke3 1/2-1/2